| Tag |
First Indicator |
Second Indicator |
Subfields |
| LEADER |
00000cam a2200000 4500 |
| 001 |
in00000064107 |
| 005 |
20151008051200.0 |
| 008 |
751113s1892 ilu 00000 eng |
| 010 |
|
|
|a 09032447
|
| 035 |
|
|
|a (OCoLC)01830639
|
| 035 |
|
|
|9 AAG6273AM
|
| 040 |
|
|
|a DLC
|c IAU
|d TXA
|d UtOrBLW
|
| 049 |
|
|
|a TXAM
|c [340444]
|
| 050 |
|
0 |
|a JK2313
|b 1892
|
| 092 |
|
|
|a 329.01
|b D383o
|
| 111 |
2 |
|
|a Democratic National Convention
|d (1892 :
|c Chicago)
|
| 245 |
1 |
0 |
|a Official proceedings of the National Democratic Convention :
|b held in Chicago, Ill., June 21st, 22nd and 23rd, 1892 /
|c Containing, also, the preliminary proceedings of the National Democratic committee and the Committee of arrangements, with an appendix. Reported for the Convention by Edward B. Dickinson, official stenographer.
|
| 264 |
|
1 |
|a Chicago :
|b Cameron, Amberg & Co.,
|c 1892.
|
| 300 |
|
|
|a xv, 244 pages :
|b illustrations ;
|c 24 cm.
|
| 336 |
|
|
|a text
|b txt
|2 rdacontent
|
| 337 |
|
|
|a unmediated
|b n
|2 rdamedia
|
| 338 |
|
|
|a volume
|b nc
|2 rdacarrier
|
| 650 |
|
0 |
|a Campaign literature.
|
| 700 |
1 |
|
|a Dickinson, Edward B.
|
| 999 |
|
|
|a MARS
|
| 999 |
f |
f |
|s a71f8e39-db27-3ee0-b46c-248814bf7c1a
|i 17f72ee9-278d-32ed-8498-ed0e518903b6
|t 0
|
| 952 |
f |
f |
|p ric
|a Texas A&M University
|b Rellis Campus
|c Joint Library Facility
|d Remote Storage
|t 0
|e JK2313 1892
|h Library of Congress classification
|i unmediated -- volume
|m A14800683562
|
| 998 |
f |
f |
|a JK2313 1892
|t 0
|l Remote Storage
|